Democracia, desarrollo e integración

Na minha lista:
Detalhes bibliográficos
Autor Corporativo: Organización de Estados Iberoamericanos para la Educación, la Ciencia y la Cultura (Autor)
Formato: Livro
Idioma:espanhol
Publicado em: Buenos Aires Troquel 1998
Assuntos:
Tags: Adicionar Tag
Sem tags, seja o primeiro a adicionar uma tag!

MARC

LEADER 00000nam a2200000 a 4500
001 UCP1342
003 CL-VaPUC
008 990409e19980000AG |||||||||||||||||spa|d
020 |a 9501630889 
082 0 4 |a 370.115  |b ORG  |2 21 
110 2 |a Organización de Estados Iberoamericanos para la Educación, la Ciencia y la Cultura  |e author  |9 427330 
245 1 0 |a Democracia, desarrollo e integración 
300 |a 472 p 
942 |c BK 
945 |d 19990409 00:00:00  |a rbrito 
260 |a Buenos Aires  |b Troquel  |c 1998 
650 0 |a Democratización de la educación  |9 307986 
650 0 |a Valores sociales  |9 309627 
650 0 |a Ética  |9 255099 
583 |a last modification  |c 19990409 00:00:00  |k Rodrigo Vera 
999 |c 280028  |d 280026 
952 |0 0  |1 0  |4 0  |6 370_115000000000000_ORG_1998  |7 0  |8 A  |9 320004  |a BIBEDU  |b BIBEDU  |d 2019-11-20  |i 348792K  |o 370.115 ORG 1998  |p 348792K  |r 2019-11-20  |w 2019-11-20  |y BK  |k EDU